LEADER 02162nam 2200517Ia 450 001 9910700301903321 005 20110624161029.0 035 $a(CKB)5470000002409973 035 $a(OCoLC)732896392 035 $a(EXLCZ)995470000002409973 100 $a20110624d2011 ua 0 101 0 $aeng 135 $aurcn||||||||| 181 $ctxt$2rdacontent 182 $cc$2rdamedia 183 $acr$2rdacarrier 200 00$aExcitation/detection strategies for OH planar laser-induced fluorescence measurements in the presence of interfering fuel signal and absorption effects$b[electronic resource] /$fChristopher M. Heath ... [and others] ; prepared for the 46th Joint Propulsion Conference and Exhibit cosponsored by the AIAA, ASME, SAE, and ASEE, Nashville, Tennessee, July 25-28, 2010 210 1$aCleveland, Ohio :$cNational Aeronautics and Space Administration, Glenn Research Center,$d[2011] 215 $a1 online resource (19 pages) $ccolor illustrations 225 1 $aNASA/TM ;$v2011-216947 300 $aTitle from title screen (viewed on June 23, 2011). 300 $a"January 2011." 300 $a"AIAA-2010-6667." 320 $aIncludes bibliographical references (page 19). 517 3 $aExcitation detection strategies for hydroxyl planar laser-induced fluorescence measurements in the presence of interfering fuel signal and absorption effects 606 $aLaser induced fluorescence$2nasat 606 $aCombustible flow$2nasat 606 $aTurbulent jets$2nasat 606 $aHydrocarbon fuels$2nasat 606 $aYAG lasers$2nasat 606 $aParametric amplifiers$2nasat 615 7$aLaser induced fluorescence. 615 7$aCombustible flow. 615 7$aTurbulent jets. 615 7$aHydrocarbon fuels. 615 7$aYAG lasers. 615 7$aParametric amplifiers. 701 $aHeath$b Christopher M$01395901 712 02$aNASA Glenn Research Center. 712 12$aAIAA/ASME/SAE/ASEE Joint Propulsion Conference$d(46th :$f2010 :$eNashville, Tenn.) 801 0$bGPO 801 1$bGPO 906 $aBOOK 912 $a9910700301903321 996 $aExcitation$93455176 997 $aUNINA LEADER 02343nam 2200481 450 001 9910787737003321 005 20230422031947.0 010 $a1-908947-50-0 035 $a(CKB)2670000000521622 035 $a(EBL)1620546 035 $a(MiAaPQ)EBC1620546 035 $a(Au-PeEL)EBL1620546 035 $a(OCoLC)870598412 035 $a(EXLCZ)992670000000521622 100 $a20220516d2000 uy 0 101 0 $agle 135 $aur|n|---||||| 181 $ctxt$2rdacontent 182 $cc$2rdamedia 183 $acr$2rdacarrier 200 10$aCuimhni? Cinn Cha?it Ni? Mhainni?n /$fCa?it Ni? Mhainni?n 210 1$a[Place of publication not identified] :$cClo? lar-Chonnacht,$d[2000] 210 4$dİ2000 215 $a1 online resource (156 p.) 300 $aDescription based upon print version of record. 311 $a1-902420-23-3 327 $aPage Co?ipcheart; Brollach; Cla?r; Re?amhra?; An a?it ar to?gadh me?; M'athair; Lord Dudley agus na daoine mo?ra; Na mna? bre?idi?n; Seanchai? agus sce?alai?ocht; Oi?che na dTans; Ba?s na ce?adghine; Bunscolai?ocht; Mea?nscolai?ocht; Obair le linn m'o?ige; Ar buaile; Misiu?in agus cu?rsai? cra?ifeachta; Beart a chuaigh i m'aghaidh; Ce?ile leapan gan coinne; Rang oi?che Gaeilge agus cu?rsa sa Spide?al; Siu?racha Naomh Lu?ghaidh; Clu?mhilleadh; Leis na mna? rialta i mBalla agus i Ra?th Maonais; Mo che?ad phost oifigiu?il; An Dara Cogadh Domhanda; Anseo agus ansiu?d; Sioc mo?r na bliana 1947; Deibi?; Cu?rsai? Gaeilge sa gCeathru? Rua 327 $aTuras curai?Oi?che nach ligfead i ndearmad; Mo che?ad turas go Lourdes; O? Ros Muc go Capri; Nollaig; Ro?ma?nsai?ocht; Scalladh croi? agus coinsiasa; Athruithe; Tre?ithre mo mha?thar; Focal scoir 330 $a A colourful account of the life and times of Ca?it Ni? Mhainni?n from Rosmuc in her own lively, easy-to-read style. 606 $aIrish language 606 $aBroadcasters 607 $aIreland$vBiography 615 0$aIrish language. 615 0$aBroadcasters. 676 $a491.62 700 $aNi? Mhainni?n$b Ca?it$01472394 801 0$bMiAaPQ 801 1$bMiAaPQ 801 2$bMiAaPQ 906 $aBOOK 912 $a9910787737003321 996 $aCuimhni? Cinn Cha?it Ni? Mhainni?n$93685190 997 $aUNINA